Sports Quiz

Random Sports or Soccer Quiz

Netherlands vs. Spain (2010) Quiz Stats

 Plays Quiz Updated Jun 20, 2014

Also try: The Spain Quiz
Challenge
Share
Tweet
Embed
Score 0/22 Timer 04:00
7 Plays Today
Heading Answer % Correct
NetherlandsGroup E
88.9%
SpainGroup H
88.2%
SpainGermany
81.4%
SpainDavid Villa
78.2%
NetherlandsUruguay
72.1%
NetherlandsBrazil
65.4%
SpainIker Casillas
64.7%
NetherlandsOranje
54.3%
NetherlandsWesley Sneijder
53.3%
SpainVicente del Bosque
50.5%
SpainDavid Villa
50.2%
Heading Answer % Correct
SpainParaguay
46.5%
SpainESP
40.1%
NetherlandsNED
33.6%
NetherlandsGiovanni van Bronckhorst
31.7%
SpainLa Furia Roja
28.1%
NetherlandsRobin van Persie
25%
NetherlandsBert van Marwijk
21.7%
NetherlandsEdwin van der Sar
21.1%
SpainIker Casillas
17.9%
NetherlandsKoninklijke Nederlandse Voetbalbond
13.3%
SpainReal Federación Española de Fútbol
3.6%

You're not logged in!

Compare scores with friends on all Sporcle quizzes.
Join for Free
OR
Log In

You Might Also Like...

Show Comments

Extras

Top Quizzes Today


Score Distribution

Your Account Isn't Verified!

In order to create a playlist on Sporcle, you need to verify the email address you used during registration. Go to your Sporcle Settings to finish the process.

Report this User

Report this user for behavior that violates our Community Guidelines.

Details: